Arquitectura interior, 1959 : decoración, muebles y diseño : con una sección dedicada a la Exposición Universal de Bruselas /

Shranjeno v:
Bibliografske podrobnosti
Glavni avtor: Flores, Carlos (autor)
Format: Knjiga
Jezik:španščina
Izdano: Madrid, España : Aguilar, 1959, c1959
Teme:
Oznake: Označite
Brez oznak, prvi označite!

MARC

LEADER 00000nam^a2200000^a^4500
001 000189546
005 20250521000000.0
009 20260310102418.693
037 |a Acervo ITESO - Biblioteca 
041 |a ESP 
082 |a 747. 205  |b FLO 
100 |a Flores, Carlos  |e (autor) 
245 1 0 |a Arquitectura interior, 1959 :  |b decoración, muebles y diseño : con una sección dedicada a la Exposición Universal de Bruselas /  |c C. Flores. 
264 4 |a Madrid, España :  |b Aguilar,  |c 1959, c1959 
300 |a 146 p. 
336 |a texto  |b txt  |2 rdacontenido 
337 |a sin mediación  |b n  |2 rdamedio 
338 |a volumen  |b nc  |2 rdasoporte 
649 |a XX 
650 |a Muebles 
650 |a Objetos Decorativos 
650 |a Diseño Textil 
650 |a Decoración y Ornamentación -  |x Historia y Crítica -  |x Tema Principal 
650 |a Arquitectura Moderna -  |z Bélgica -  |x Historia y Crítica 
650 |a Arquitectura Moderna -  |x Historia y Crítica 
650 |a Arquitectura Belga -  |x Historia y Crítica 
650 |a Arte Moderno -  |z Bélgica -  |x Historia y Crítica 
650 |a Arte Moderno -  |x Historia y Crítica 
650 |a Arte Belga -  |x Historia y Crítica 
910 |a Fondo Julio de la Peña Lomelín 
920 |a Impresos - Libros 
930 |a Arquitectos Jaliscienses 
905 |a 115 
901 |a 0500132727  |b IT1  |c JAL  |u 20250521 
902 |a https://opac.biblio.iteso.mx/vufind/Record/000189546